| 000 | 00752nam a2200217 a 4500 | ||
|---|---|---|---|
| 003 | PILC | ||
| 005 | 20150112093433.0 | ||
| 008 | 100716s19uu xx 00 eng d | ||
| 020 | _a05821628814 | ||
| 050 |
_aPE 1128 _b.R459 2001 |
||
| 082 |
_aLnSF 428.24 _bR39 1997 |
||
| 100 |
_aRichards, Jack C. _91426 |
||
| 245 |
_aNew interchange : _bEnglish for international communication: Wookbook 1A / |
||
| 260 |
_aNew York : _bCambridge University Press, _c2001. |
||
| 300 |
_a48 pages : _billustration ; _c28 cm. |
||
| 650 |
_aEnglish language - Textbook for foreign speakers _913878 |
||
| 650 |
_aCommunication, international - Problem, exercises, etc. _913890 |
||
| 700 |
_aHull, Jonathan _913891 |
||
| 700 |
_aProctor, Susan _913892 |
||
| 942 |
_2lcc _cBK |
||
| 999 |
_c14464 _d14464 |
||